Liquid-Phase Oxidative Degradation of the Damaged or Expired Medicinal Products; Advanced Materials Research; Vol. 1040 : High Technology: Research and Applications 2014 (HTRA 2014)
| Parent link: | Advanced Materials Research: Scientific Journal Vol. 1040 : High Technology: Research and Applications 2014 (HTRA 2014).— 2014.— [P. 327-330] |
|---|---|
| 1. Verfasser: | |
| Körperschaft: | |
| Weitere Verfasser: | , |
| Zusammenfassung: | Title screen A method of oxidative mineralization of the salicylic acid and its derivatives as well as medicinal products containing salicylic acid as the active ingredient was investigated. Destruction of the organic compounds is possible both in the electrolyte under the oxidant, electrochemically formed in situ in the sulphuric acid solutions, and at the anode so. Simultaneously, at the cathode, reduction of the zinc ions, contained in a number of medicinal products, is possible. Final products of the oxidation are simple non-toxic organic compounds, carbon dioxide, and water. This process is the most effective in the 40% sulphuric acid at the current density of 0.5–0.8 A/cm{2} and the temperature of 30–50 °С. Режим доступа: по договору с организацией-держателем ресурса |
| Sprache: | Englisch |
| Veröffentlicht: |
2014
|
| Schriftenreihe: | Chemical Technologies |
| Schlagworte: | |
| Online-Zugang: | http://dx.doi.org/10.4028/www.scientific.net/AMR.1040.327 |
| Format: | Elektronisch Buchkapitel |
| KOHA link: | https://koha.lib.tpu.ru/cgi-bin/koha/opac-detail.pl?biblionumber=640975 |
MARC
| LEADER | 00000nla2a2200000 4500 | ||
|---|---|---|---|
| 001 | 640975 | ||
| 005 | 20240122110213.0 | ||
| 035 | |a (RuTPU)RU\TPU\network\5853 | ||
| 035 | |a RU\TPU\network\5851 | ||
| 090 | |a 640975 | ||
| 100 | |a 20150506a2014 k y0engy50 ba | ||
| 101 | 0 | |a eng | |
| 102 | |a US | ||
| 105 | |a y z 100zy | ||
| 135 | |a drcn ---uucaa | ||
| 181 | 0 | |a i | |
| 182 | 0 | |a b | |
| 200 | 1 | |a Liquid-Phase Oxidative Degradation of the Damaged or Expired Medicinal Products |f T. N. Volgina, V. T. Novikov, O. Y. Fedorova | |
| 203 | |a Text |c electronic | ||
| 225 | 1 | |a Chemical Technologies | |
| 300 | |a Title screen | ||
| 330 | |a A method of oxidative mineralization of the salicylic acid and its derivatives as well as medicinal products containing salicylic acid as the active ingredient was investigated. Destruction of the organic compounds is possible both in the electrolyte under the oxidant, electrochemically formed in situ in the sulphuric acid solutions, and at the anode so. Simultaneously, at the cathode, reduction of the zinc ions, contained in a number of medicinal products, is possible. Final products of the oxidation are simple non-toxic organic compounds, carbon dioxide, and water. This process is the most effective in the 40% sulphuric acid at the current density of 0.5–0.8 A/cm{2} and the temperature of 30–50 °С. | ||
| 333 | |a Режим доступа: по договору с организацией-держателем ресурса | ||
| 461 | 0 | |0 (RuTPU)RU\TPU\network\4598 |t Advanced Materials Research |o Scientific Journal | |
| 463 | 0 | |0 (RuTPU)RU\TPU\network\4652 |t Vol. 1040 : High Technology: Research and Applications 2014 (HTRA 2014) |o The International Conference, March 26-28, 2014, Tomsk, Russia |o [proceedings] |v [P. 327-330] |d 2014 | |
| 610 | 1 | |a электронный ресурс | |
| 610 | 1 | |a труды учёных ТПУ | |
| 610 | 1 | |a электрохимическое окисление | |
| 610 | 1 | |a электролиз | |
| 610 | 1 | |a серная кислота | |
| 610 | 1 | |a утилизация | |
| 610 | 1 | |a отходы | |
| 700 | 1 | |a Volgina |b T. N. |c chemist |c Associate Professor of Tomsk Polytechnic University, Candidate of chemical sciences |f 1975- |g Tatiana Nikolaevna |3 (RuTPU)RU\TPU\pers\31296 |9 15474 | |
| 701 | 1 | |a Novikov |b V. T. |c chemist |c Associate Professor of Tomsk Polytechnic University, Candidate of chemical sciences |f 1946- |g Viktor Timofeevich |3 (RuTPU)RU\TPU\pers\31286 |9 15464 | |
| 701 | 1 | |a Fedorova |b O. Y. | |
| 712 | 0 | 2 | |a Национальный исследовательский Томский политехнический университет (ТПУ) |b Институт природных ресурсов (ИПР) |b Кафедра технологии органических веществ и полимерных материалов (ТОВПМ) |3 (RuTPU)RU\TPU\col\18659 |
| 801 | 2 | |a RU |b 63413507 |c 20161229 |g RCR | |
| 856 | 4 | |u http://dx.doi.org/10.4028/www.scientific.net/AMR.1040.327 | |
| 942 | |c CF | ||